Länder Ostafrikas - Statistiken

Allgemein
  • Dieses Quiz wurde 13 mal gespielt
  • Das Durchschnittsergebnis liegt bei 17 aus 18
Antwortstatistiken
Land % Korrekt
Äthiopien
100%
Dschibuti
100%
Kenia
100%
Mauritius
100%
Seychellen
100%
Tansania
100%
Eritrea
92%
Komoren
92%
Madagaskar
92%
Mosambik
92%
Ruanda
92%
Somalia
92%
Südsudan
92%
Uganda
92%
Burundi
83%
Malawi
83%
Sambia
83%
Simbabwe
75%
Keine übereinstimmenden Quizze gefunden
Verteilung der Resultate
Anzahl Personen mit jedem Resultat
Perzentil nach korrekt beantworteten Fragen
Ihre Resultats-Entwicklung
Sie haben dieses Quiz noch nicht gespielt